County to Country - UK and Ireland - Statistics

General Stats
  • This quiz has been taken 92 times
  • The average score is 18 of 24
Answer Stats
Hint Answer % Correct
Essex England
99%
Edinburgh Scotland
99%
Greater London England
95%
Shetland Islands Scotland
95%
West Midlands England
93%
Dublin Ireland
93%
Limerick Ireland
92%
Dorset England
84%
Cardiff Wales
84%
Derry Northern Ireland
82%
Donegal Ireland
80%
Newport Wales
79%
Antrim Northern Ireland
78%
Dumfries and Galloway Scotland
78%
Rutland England
75%
Isle of Anglesey Wales
70%
Fermanagh Northern Ireland
64%
Monmouthshire Wales
63%
Down Northern Ireland
62%
Bridgend Wales
59%
Louth Ireland
58%
Longford Ireland
58%
East Renfrewshire Scotland
54%
Na h-Eileanan Siar Scotland
36%
No matching quizzes found
Score Distribution
Percent of People with Each Score
Percentile by Number Answered
Your Score History
You have not taken this quiz